[Nicola Kaminski, Robert Schütze (eds.): Gryphius-Handbuch]
| Titel: | [Nicola Kaminski, Robert Schütze (eds.): Gryphius-Handbuch] / Carsten Nahrendorf |
|---|---|
| Verfasser: | |
| In: |
Daphnis, Band 46, Heft 4 (2018), Seite 607-619 alle Artikel anzeigen |
| Veröffentlicht: | 2018 |
| Format: | Aufsatz |
| Sprache: | Deutsch |
X
alg: 50653765
001A $03025:03-04-23
001B $03025:14-10-24 $t13:02:56.000
001D $03025:03-04-23
001U $0utf8
001X $00
002@ $0Oou
002C $aText $btxt $2rdacontent
002D $aComputermedien $bc $2rdamedia
002E $aOnline-Ressource $bcr $2rdacarrier
003@ $050653765X
007A $050653765X $aHEB
009Q $uhttps://doi.org/10.1163/18796583-04604002 $xH
009Q $uhttps://brill.com/view/journals/daph/46/4/article-p607_607.xml $xH
010@ $ager
010E $erda
011@ $a2018
013D $#Newspapers Sections, columns, etc. Reviews $#Book reviewing $#Journaux Cahiers, chroniques, etc. Comptes rendus $#Livres Recension $#Rezension $#Buchbesprechung $#Buchrezension $#Buchkritik $74049712-4 $8Rezension [Ts1] $9085138568
021A $a[Nicola Kaminski, Robert Schütze (eds.): Gryphius-Handbuch] $hCarsten Nahrendorf
028A $BVerfasser $4aut $71027791662 $8Nahrendorf, Carsten$Z1976- [Tp3] $9312302436
031A $d46 $e4 $h607-619 $j2018
039B $aEnthalten in $8--Obvc--. Daphnis. - Leiden {[u.a.] : Brill Rodopi, 1978-. - Online-Ressource. - ISSN 1879-6583 $x201800000460004393 $9079276997
039T $8--Aau--. Gryphius-Handbuch. - Berlin : De Gruyter, [2016]. - XIII, 933 Seiten. - Illustrationen. - ISBN 978-3-11-022943-1 $9390476587
045F $a809 $eDDC23BSB
045F/01 $a809
045F/03 $f09032
045F/03 $g4385
045T $a7,20
045T $aAVL $qDE-30 $2FID
045T $aGER $qDE-30 $2FID
lok: 50653765 78
exp: 50653765 78 1 #EPN
201B/01 $003-04-23 $t11:36:49.000
201C/01 $003-04-23
201U/01 $0utf8
203@/01 $01230649662
208@/01 $a03-04-23 $be
209A/01 $a/ $f000 $x00
209A/01 $ab*p $x01
220C/01 $apgar
244Z/01 $#Schlesien $#Schlesien $#Herzogtum Schlesien $#Herzogtum Schlesien Schlesien $#Provinz Schlesien $#Śla̜sk $#Slezsko $#Silesia $74052678-1 $8--Tg1--Schlesien $x02 $9085146781
247C/01 $82080>Marburg/Lahn, Herder-Institut, Forschungsbibliothek, Bibliographieportal $9336309341
| LEADER | 00000caa a2200000 c 4500 | ||
|---|---|---|---|
| 001 | 50653765X | ||
| 003 | DE-603 | ||
| 005 | 20241014130256.0 | ||
| 007 | cr|||||||||||| | ||
| 008 | 230403s2018 xx |||| o| u00||u|ger c | ||
| 035 | |a (DE-599)HEB50653765X | ||
| 040 | |a DE-603 |b ger |c DE-603 |d DE-603 |e rda | ||
| 041 | |a ger | ||
| 082 | 0 | 4 | |8 1\u |a 809 |q DE-101 |2 23/BSB |
| 084 | |a 7,20 |2 ssgn | ||
| 084 | |a AVL |q DE-30 |2 fid | ||
| 084 | |a GER |q DE-30 |2 fid | ||
| 085 | |8 1\u |b 809 | ||
| 085 | |8 1\u |z 1 |s 09032 | ||
| 085 | |8 1\u |z 2 |s 4385 | ||
| 100 | 1 | |a Nahrendorf, Carsten |d 1976- |e Verfasser |4 aut |0 (DE-603)312302436 |0 (DE-588)1027791662 |2 gnd | |
| 245 | 0 | 0 | |a [Nicola Kaminski, Robert Schütze (eds.): Gryphius-Handbuch] |c Carsten Nahrendorf |
| 264 | 0 | |c 2018 | |
| 336 | |a Text |b txt |2 rdacontent | ||
| 337 | |a Computermedien |b c |2 rdamedia | ||
| 338 | |a Online-Ressource |b cr |2 rdacarrier | ||
| 655 | 7 | |a Rezension |2 gnd-content |0 (DE-588)4049712-4 |0 (DE-603)085138568 | |
| 773 | 0 | 8 | |i Enthalten in |t Daphnis |d Leiden [u.a.] : Brill Rodopi, 1978- |h Online-Ressource |x 1879-6583 |g Band 46, Heft 4 (2018), Seite 607-619 |w (DE-603)079276997 |w (DE-600)1481780-9 |
| 787 | 0 | 8 | |i Rezension von |t Gryphius-Handbuch |d Berlin : De Gruyter, [2016] |h XIII, 933 Seiten, Illustrationen |z 9783110229431 |z 3110229439 |w (DE-603)390476587 |
| 856 | |u https://doi.org/10.1163/18796583-04604002 |x Verlag | ||
| 856 | |u https://brill.com/view/journals/daph/46/4/article-p607_607.xml |x Verlag | ||
| 924 | 1 | |9 2080 |a (DE-603)1230649662 |b DE-2080 |c HES |d d |g / | |


